[Event "12ème Open International de NANTES"]
[Site "Nantes - France"]
[Date "2013.12.28"]
[Round "3.9"]
[White "Coiffard, Abel"]
[Black "Jaulin, Philippe"]
[Result "0-1"]
[WhiteElo "1446"]
[BlackElo "2181"]
[PlyCount "80"]
[EventDate "2013.??.??"]

1. e4 c5 2. Nf3 Nc6 3. d4 cxd4 4. Nxd4 Nf6 5. Nc3 e5 6. Nf3 Bb4 7. Bd2 Bxc3 8.
Bxc3 Nxe4 9. Bxe5 Nxe5 10. Qd4 Nxf3+ 11. gxf3 Nf6 12. Rg1 Qb6 13. Qxb6 axb6 14.
Rxg7 Rg8 15. Rxg8+ Nxg8 16. Bc4 Nf6 17. O-O-O b5 18. Bb3 Ra6 19. Re1+ Kf8 20.
Re5 Rc6 21. Rxb5 d6 22. Bd5 Rc5 23. Rxc5 dxc5 24. Be4 Ke7 25. Kd2 Kd6 26. Kc3
b6 27. Bd3 Bb7 28. f4 Ne4+ 29. Bxe4 Bxe4 30. Kd2 Kd5 31. b3 Bf5 32. c3 Ke4 33.
a4 Bd7 34. f5 Kxf5 35. Ke3 Bc6 36. c4 h6 37. f3 Ke5 38. h3 Bd7 39. h4 Bc6 40.
Kf2 Kf4 0-1

[Event "12ème Open International de NANTES"]
[Site "Nantes - France"]
[Date "2013.12.28"]
[Round "3.10"]
[White "De Hargues, Remi"]
[Black "Bonn, Thomas"]
[Result "0-1"]
[WhiteElo "1614"]
[BlackElo "2284"]
[PlyCount "52"]
[EventDate "2013.??.??"]

1. e4 c5 2. Nf3 Nc6 3. d4 cxd4 4. Nxd4 g6 5. Bc4 Bg7 6. Be3 Nf6 7. Nc3 Qa5 8.
f3 d6 9. Nde2 Bd7 10. Qd2 Rc8 11. O-O-O Ne5 12. Bb3 Nc4 13. Bxc4 Rxc4 14. Bh6
O-O 15. Bxg7 Kxg7 16. g4 Rfc8 17. Kb1 b5 18. Rc1 Be6 19. Rhd1 R4c5 20. Nd4 Rxc3
21. Nxe6+ fxe6 22. bxc3 Rc4 23. Kb2 Nd7 24. Ra1 Nc5 25. Qe3 Na4+ 26. Kc1 Nxc3
0-1

[Event "12ème Open International de NANTES"]
[Site "Nantes - France"]
[Date "2013.12.28"]
[Round "3.11"]
[White "Le Ruyet, Leopold"]
[Black "Bouchard, Christian"]
[Result "1-0"]
[WhiteElo "2259"]
[BlackElo "1611"]
[PlyCount "37"]
[EventDate "2013.??.??"]

1. e4 e6 2. d4 d5 3. Nc3 dxe4 4. Nxe4 Nf6 5. Nxf6+ Qxf6 6. Nf3 Qd8 7. Be3 Be7
8. Qd2 O-O 9. Bd3 Nc6 10. c3 Bf6 11. O-O-O h6 12. g4 g5 13. h4 Kg7 14. hxg5
hxg5 15. Nxg5 Bxg5 16. Bxg5 f6 17. Bh6+ Kf7 18. g5 Rg8 19. g6+ 1-0

[Event "12ème Open International de NANTES"]
[Site "Nantes - France"]
[Date "2013.12.29"]
[Round "4.1"]
[White "Koziak, Vitali"]
[Black "Kunin, Vitaly"]
[Result "0-1"]
[WhiteElo "2486"]
[BlackElo "2552"]
[PlyCount "128"]
[EventDate "2013.??.??"]

1. Nf3 Nf6 2. c4 e6 3. Nc3 Bb4 4. g3 O-O 5. Bg2 d5 6. Qb3 a5 7. O-O c6 8. a3
Bd6 9. d4 a4 10. Qc2 dxc4 11. e4 Be7 12. Rd1 b5 13. d5 exd5 14. exd5 Nxd5 15.
Nxd5 cxd5 16. Ng5 Bxg5 17. Rxd5 Qa5 18. Bxg5 Bb7 19. Rd8 Nc6 20. Rd7 Rae8 21.
Qc3 Qxc3 22. bxc3 Ba8 23. Rb1 Ne5 24. Bxa8 Nxd7 25. Bc6 f6 26. Bf4 Rd8 27. Rxb5
Ne5 28. Bd5+ Kh8 29. Ra5 Rfe8 30. Be3 h6 31. Bd4 Nd3 32. Bxc4 Ne5 33. Bd5 Rd6
34. Kg2 Nc6 35. Bxc6 Rxc6 36. Rxa4 Re2 37. Ra7 Kh7 38. a4 Kg6 39. a5 Ra2 40. h4
h5 41. Kf3 Re6 42. Kf4 Re1 43. Bc5 Re5 44. Rc7 Rxa5 45. Bd4 Re1 46. Be3 Rf5+
47. Ke4 Rxf2 48. Rd7 Rf5 49. Rd3 Re5+ 50. Kf3 Kf5 51. c4 Rf1+ 52. Kg2 Rb1 53.
c5 Ke4 54. Rc3 Rb2+ 55. Kh1 Rd5 56. c6 Rd1+ 57. Bg1 Rbb1 58. Rc4+ Kf3 59. Rc3+
Ke4 60. Rc4+ Kd5 61. Rc5+ Kd6 62. c7 Rxg1+ 63. Kh2 Rgc1 64. c8=Q Rb2+ 0-1

[Event "12ème Open International de NANTES"]
[Site "Nantes - France"]
[Date "2013.12.29"]
[Round "4.2"]
[White "Le Roux, Jean-Pierre"]
[Black "Colin, Vincent"]
[Result "1/2-1/2"]
[WhiteElo "2568"]
[BlackElo "2413"]
[Annotator "Violeau,Jean-Luc"]
[PlyCount "34"]
[EventDate "2013.??.??"]

1. d4 Nf6 2. Nf3 g6 3. c4 Bg7 4. g3 c5 5. Bg2 cxd4 6. Nxd4 O-O 7. O-O Nc6 8.
Nc2 d6 9. Nc3 Be6 10. b3 Qd7 11. Bb2 Bh3 12. Ne3 Bxg2 13. Kxg2 Ne4 14. Qc2 Nxc3
15. Bxc3 Nd4 16. Qd3 Ne6 17. Bxg7 Kxg7 {(=)} 1/2-1/2

[Event "12ème Open International de NANTES"]
[Site "Nantes - France"]
[Date "2013.12.29"]
[Round "4.3"]
[White "Le Borgne, Pierre"]
[Black "Lagarde, Maxime"]
[Result "0-1"]
[WhiteElo "2257"]
[BlackElo "2511"]
[PlyCount "109"]
[EventDate "2013.??.??"]

1. e4 c5 2. Nf3 d6 3. d4 cxd4 4. Qxd4 a6 5. h3 Nc6 6. Qe3 Nf6 7. c4 e6 8. Be2
Be7 9. O-O O-O 10. Rd1 Qc7 11. Nc3 Ne5 12. b3 Bd7 13. Bb2 Rac8 14. Rd2 Rfd8 15.
Rad1 Be8 16. Nd4 Ng6 17. Nc2 h6 18. g3 Bc6 19. Nd4 Be8 20. Kh2 Qc5 21. Nc2 Bc6
22. Ba3 Qxe3 23. Nxe3 Nxe4 24. Nxe4 Bxe4 25. Bxd6 Bf6 26. Bb4 Rxd2 27. Rxd2 Ne5
28. Ng4 Nxg4+ 29. Bxg4 Bg5 30. Rd7 Bc6 31. Rd1 g6 32. h4 Bd8 33. Bh3 Bb6 34.
Rd2 f5 35. Bg2 Bxg2 36. Kxg2 Rd8 37. Rxd8+ Bxd8 38. Kf3 e5 39. Bd6 Bf6 40. Ke3
Kf7 41. Kd3 Ke6 42. Bf8 h5 43. Bc5 e4+ 44. Ke3 g5 45. hxg5 Bxg5+ 46. Ke2 f4 47.
Bb6 Kf5 48. b4 Kg4 49. Bc7 f3+ 50. Kf1 e3 51. fxe3 Bxe3 52. a4 Kf5 53. b5 Ke4
54. Bb8 Kd3 55. Bf4 0-1

[Event "12ème Open International de NANTES"]
[Site "Nantes - France"]
[Date "2013.12.29"]
[Round "4.4"]
[White "Jaulin, Philippe"]
[Black "Lalic, Bogdan"]
[Result "1/2-1/2"]
[WhiteElo "2181"]
[BlackElo "2492"]
[PlyCount "32"]
[EventDate "2013.??.??"]

1. d4 Nf6 2. c4 e6 3. Nc3 Bb4 4. Qc2 O-O 5. a3 Bxc3+ 6. Qxc3 b6 7. Bg5 Bb7 8.
e3 d6 9. Ne2 Nbd7 10. Qc2 h6 11. Bh4 c5 12. Rd1 Qc7 13. Nc3 cxd4 14. Rxd4 a6
15. Qd1 d5 16. cxd5 Nxd5 1/2-1/2

[Event "12ème Open International de NANTES"]
[Site "Nantes - France"]
[Date "2013.12.29"]
[Round "4.5"]
[White "Stets, Dmitry"]
[Black "Le Goff, Ronan"]
[Result "1-0"]
[WhiteElo "2410"]
[BlackElo "2189"]
[PlyCount "73"]
[EventDate "2013.??.??"]

1. e4 e5 2. Nf3 Nc6 3. Bb5 Nge7 4. d4 exd4 5. O-O g6 6. Nxd4 Bg7 7. Be3 O-O 8.
Nc3 a6 9. Ba4 Na5 10. Nde2 d6 11. b4 Nac6 12. a3 b5 13. Bb3 Bd7 14. Qd2 Re8 15.
Rad1 Ne5 16. Bh6 Bh8 17. Bg5 Be6 18. Nd5 Bxd5 19. Bxd5 Nc4 20. Qd3 Ne5 21. Qg3
c6 22. Bb3 Qb6 23. Rxd6 Nc4 24. Bxc4 bxc4 25. Be3 Qb8 26. Bf4 Qb6 27. Rfd1 Rad8
28. Be3 Rxd6 29. Qxd6 Qb7 30. Qd7 Qxd7 31. Rxd7 Bb2 32. c3 Bxa3 33. Bc5 Nd5 34.
exd5 Rxe2 35. Kf1 Re8 36. dxc6 a5 37. c7 1-0

[Event "12ème Open International de NANTES"]
[Site "Nantes - France"]
[Date "2013.12.29"]
[Round "4.6"]
[White "Noulet, Jeremy"]
[Black "Kurayan, Ruslan"]
[Result "1-0"]
[WhiteElo "1943"]
[BlackElo "2393"]
[PlyCount "83"]
[EventDate "2013.??.??"]

1. d4 Nf6 2. c4 g6 3. Nc3 Bg7 4. e4 d6 5. f3 O-O 6. Be3 Nc6 7. Nge2 a6 8. Qd2
Rb8 9. h4 b5 10. h5 e5 11. hxg6 fxg6 12. cxb5 axb5 13. d5 Na5 14. Ng3 b4 15.
Nb5 Bd7 16. Qxb4 c5 17. dxc6 Nxc6 18. Qd2 Qa5 19. Bc4+ d5 20. exd5 Nb4 21. Nc3
Rfc8 22. Bb3 Qa6 23. Rd1 e4 24. Ngxe4 Nxe4 25. Nxe4 Nxa2 26. d6+ Rxb3 27. Qd5+
Kh8 28. Qxb3 Qa5+ 29. Bd2 Nc1 30. Bxa5 Nxb3 31. Bc3 Bf5 32. Bxg7+ Kxg7 33. O-O
h5 34. Rd3 Na5 35. Rd5 Nc4 36. d7 Rd8 37. Rc1 Be6 38. Rd4 Nxb2 39. Nc5 Bf5 40.
Rd2 Nd3 41. Rxd3 Bxd3 42. Ne6+ 1-0

[Event "12ème Open International de NANTES"]
[Site "Nantes - France"]
[Date "2013.12.29"]
[Round "4.7"]
[White "Bonn, Thomas"]
[Black "Humeau, Mickael"]
[Result "1-0"]
[WhiteElo "2284"]
[BlackElo "1926"]
[PlyCount "45"]
[EventDate "2013.??.??"]

1. e4 b6 2. d4 Bb7 3. Nc3 g6 4. Bg5 Bg7 5. Qd2 h6 6. Be3 d6 7. O-O-O Nd7 8. h4
e6 9. h5 g5 10. f4 gxf4 11. Bxf4 Ngf6 12. Bd3 a6 13. Nf3 Ng4 14. Rh4 Ngf6 15.
g4 d5 16. exd5 Nxd5 17. Nxd5 Bxd5 18. Rh3 Bxf3 19. Rxf3 Nf6 20. Be5 O-O 21. g5
Nxh5 22. Bxg7 Kxg7 23. Rh3 1-0

[Event "12ème Open International de NANTES"]
[Site "Nantes - France"]
[Date "2013.12.29"]
[Round "4.8"]
[White "Sentis, Maxime"]
[Black "Le Ruyet, Leopold"]
[Result "0-1"]
[WhiteElo "1876"]
[BlackElo "2259"]
[PlyCount "40"]
[EventDate "2013.??.??"]

1. e4 c5 2. Nf3 d6 3. d4 cxd4 4. Qxd4 a6 5. Be3 Nc6 6. Qb6 Qxb6 7. Bxb6 Nf6 8.
Nc3 Bg4 9. Nd4 Nd7 10. Nxc6 Nxb6 11. Na5 O-O-O 12. f3 Be6 13. O-O-O g6 14. Nd5
Bxd5 15. exd5 e5 16. Rd3 Bh6+ 17. Kb1 Kb8 18. Rb3 Ka7 19. c4 Bd2 20. Ra3 Bb4
0-1

[Event "12ème Open International de NANTES"]
[Site "Nantes - France"]
[Date "2013.12.29"]
[Round "4.9"]
[White "Aubry, Justin"]
[Black "Crouan, Stephane"]
[Result "0-1"]
[WhiteElo "1843"]
[BlackElo "2174"]
[PlyCount "104"]
[EventDate "2013.??.??"]

1. e4 c5 2. Nf3 d6 3. d4 cxd4 4. Nxd4 Nf6 5. f3 e5 6. Bb5+ Nbd7 7. Nf5 d5 8.
exd5 a6 9. Ba4 b5 10. Bb3 Nb6 11. Ne3 Bb7 12. Nc3 Bc5 13. Qd3 O-O 14. Ne4 Nxe4
15. fxe4 a5 16. a4 bxa4 17. Bxa4 Ba6 18. Bb5 Bxb5 19. Qxb5 Qh4+ 20. Kd1 Rac8
21. Qd3 Bxe3 22. Qxe3 Nc4 23. Qe1 Qg4+ 24. Qe2 Nxb2+ 25. Bxb2 Qxe2+ 26. Kxe2
Rxc2+ 27. Kf3 Rxb2 28. Rxa5 f5 29. exf5 Rxf5+ 30. Ke4 g6 31. Rc1 Rxg2 32. Ra8+
Kg7 33. Rc7+ Kf6 34. Rxh7 Rf4+ 35. Ke3 Rd4 36. Ra6+ Kf5 37. Rf7+ Kg5 38. Rff6
Kh5 39. Rfd6 Rh4 40. Kd3 Rgg4 41. Ke2 Rxh2+ 42. Kf3 Rh3+ 43. Kf2 e4 44. Re6
Rf3+ 45. Ke1 Rg1+ 46. Ke2 Rg2+ 47. Ke1 Rh3 48. Kf1 Rb2 49. Kg1 Rg3+ 50. Kf1 e3
51. Re5+ g5 52. Rae6 Rf2+ 0-1

[Event "12ème Open International de NANTES"]
[Site "Nantes - France"]
[Date "2013.12.29"]
[Round "4.10"]
[White "Marie, Maxime"]
[Black "Delpy, Pierre"]
[Result "1-0"]
[WhiteElo "2168"]
[BlackElo "1836"]
[PlyCount "52"]
[EventDate "2013.??.??"]

1. c4 e5 2. g3 f5 3. Bg2 Nf6 4. Nc3 c6 5. d4 exd4 6. Qxd4 Be7 7. Nh3 Na6 8. O-O
O-O 9. a3 Nc5 10. Rb1 d6 11. b4 Ne6 12. Qd3 Nd7 13. f4 g6 14. Nf2 Nf6 15. Bb2
Qc7 16. Rbd1 Ng7 17. e4 fxe4 18. Ncxe4 Nge8 19. Rfe1 Nxe4 20. Nxe4 Bf5 21. Qd4
Nf6 22. Nxd6 Bxd6 23. Qxd6 Qxd6 24. Rxd6 Ne8 25. Rd2 Nc7 26. Rde2 Rf7 1-0

[Event "12ème Open International de NANTES"]
[Site "Nantes - France"]
[Date "2013.12.29"]
[Round "4.12"]
[White "Otmani, Kamel"]
[Black "Legastelois, Julien"]
[Result "1-0"]
[WhiteElo "2105"]
[BlackElo "1735"]
[PlyCount "63"]
[EventDate "2013.??.??"]

1. e4 c6 2. Nc3 d5 3. Nf3 dxe4 4. Nxe4 Nf6 5. Nxf6+ exf6 6. Be2 Bd6 7. O-O O-O
8. d4 Be6 9. Be3 Na6 10. c4 Qc7 11. Qc1 Rad8 12. a3 Qc8 13. b4 Bf5 14. Rd1 Rfe8
15. Ra2 Be4 16. Nd2 Qb8 17. g3 Bf5 18. Nb3 Be4 19. d5 Qc8 20. c5 Bxd5 21. Rxd5
cxd5 22. cxd6 Qxc1+ 23. Nxc1 Rxd6 24. Nb3 Nc7 25. Nd4 g6 26. Rc2 Ne6 27. Bb5
Nxd4 28. Bxd4 Re1+ 29. Kg2 Kg7 30. Bxa7 d4 31. Rd2 b6 32. Bb8 1-0

[Event "12ème Open International de NANTES"]
[Site "Nantes - France"]
[Date "2013.12.29"]
[Round "4.13"]
[White "Marie, Fred"]
[Black "Marchadour, Emilie"]
[Result "0-1"]
[WhiteElo "1693"]
[BlackElo "2043"]
[PlyCount "50"]
[EventDate "2013.??.??"]

1. d4 Nf6 2. c4 c5 3. Nf3 cxd4 4. Nxd4 Nc6 5. Bg5 Ne4 6. Nxc6 bxc6 7. h4 Qb6 8.
Be3 Qxb2 9. Bd4 Qb4+ 10. Nd2 Nxd2 11. Qxd2 Qxc4 12. e3 Qd5 13. Rc1 e5 14. Bc3
Qxd2+ 15. Kxd2 f6 16. Bc4 d5 17. Bb3 Ba3 18. Rce1 O-O 19. e4 Kh8 20. exd5 cxd5
21. f3 a5 22. Ke2 d4 23. Bd5 Ba6+ 24. Kf2 dxc3 25. Bxa8 Rxa8 0-1

[Event "12ème Open International de NANTES"]
[Site "Nantes - France"]
[Date "2013.12.29"]
[Round "4.14"]
[White "Primel, Dominique"]
[Black "Le Gouellec, Marc"]
[Result "0-1"]
[WhiteElo "2013"]
[BlackElo "1692"]
[PlyCount "61"]
[EventDate "2013.??.??"]

1. Nf3 e6 2. c4 Nf6 3. g3 d5 4. d4 c6 5. Qc2 Bd6 6. Bg2 Nbd7 7. O-O O-O 8. Nbd2
Re8 9. e4 dxe4 10. Nxe4 Nxe4 11. Qxe4 e5 12. dxe5 f6 13. Be3 Nxe5 14. Nxe5 Bxe5
15. Qc2 f5 16. f4 Bxb2 17. Rad1 Qc7 18. Bxa7 Rxa7 19. Qxb2 Qa5 20. Rf2 Re1+ 21.
Rf1 Qc5+ 22. Kh1 Re8 23. Rfe1 Bd7 24. Rxe8+ Bxe8 25. Rd8 Qe7 26. Rd1 Bf7 27. h3
Ra3 28. Kh2 Bxc4 29. Qb6 Rxa2 30. Kh1 Bd5 31. Rxd5 0-1

[Event "12ème Open International de NANTES"]
[Site "Nantes - France"]
[Date "2013.12.29"]
[Round "4.15"]
[White "Le Gallo, Frederic"]
[Black "Lambert, Thomas"]
[Result "0-1"]
[WhiteElo "1990"]
[BlackElo "1686"]
[PlyCount "96"]
[EventDate "2013.??.??"]

1. e4 e5 2. Nf3 Nc6 3. Bb5 a6 4. Ba4 Nf6 5. O-O b5 6. Bb3 Bc5 7. c3 d6 8. d4
exd4 9. cxd4 Bb6 10. Bg5 h6 11. Bxf6 Qxf6 12. Bd5 Bb7 13. e5 dxe5 14. Nxe5 O-O
15. Nc3 Qd6 16. Qh5 Nd8 17. Bb3 Bxd4 18. Ng6 Re8 19. Rad1 Qc5 20. Qh3 Ne6 21.
Ne2 Bd5 22. Nxd4 Nxd4 23. Bxd5 Qxd5 24. Nh4 c5 25. b4 c4 26. Kh1 Qe5 27. f4 Qf6
28. Nf3 Nxf3 29. Rxf3 Qe6 30. Rdf1 Qxh3 31. Rxh3 Rad8 32. g4 Rd2 33. a3 Rde2
34. Rd1 R8e3 35. Rh5 Re1+ 36. Rxe1 Rxe1+ 37. Kg2 Re3 38. Re5 Rxa3 39. Re6 Ra4
40. Kf3 Rxb4 41. Rxa6 Rb2 42. Rb6 c3 43. Ke3 b4 44. Kd3 c2 45. Kd2 b3 46. Rc6
Rb1 47. h4 Rd1+ 48. Ke2 c1=Q 0-1

[Event "12ème Open International de NANTES"]
[Site "Nantes - France"]
[Date "2013.12.29"]
[Round "5.1"]
[White "Kunin, Vitaly"]
[Black "Colin, Vincent"]
[Result "1/2-1/2"]
[WhiteElo "2552"]
[BlackElo "2413"]
[PlyCount "104"]
[EventDate "2013.??.??"]

1. d4 Nf6 2. c4 g6 3. Nc3 Bg7 4. e4 d6 5. Nge2 O-O 6. Ng3 c5 7. d5 h5 8. Be2
Nh7 9. O-O h4 10. Nh1 f5 11. exf5 Bxf5 12. f3 Nd7 13. Nf2 Ndf6 14. Bd3 Qd7 15.
Bxf5 Qxf5 16. Qd3 Nh5 17. Re1 Qxd3 18. Nxd3 Rf7 19. Be3 Raf8 20. h3 Ng3 21. Nb5
Nf5 22. Bf2 a6 23. Nc7 b5 24. Rac1 Bh6 25. Rc2 e5 26. Ne6 Rb8 27. b4 bxc4 28.
Rxc4 cxb4 29. Nxb4 a5 30. Nc6 Rb5 31. f4 exf4 32. Nxf4 Bxf4 33. Rxf4 Rxd5 34.
Re8+ Kg7 35. Be1 g5 36. Rf3 Rc7 37. Nxa5 Rc2 38. Rc3 Rc5 39. Rxc2 Rxc2 40. Kf1
Rxa2 41. Re2 Rxe2 42. Kxe2 Nf8 43. Nc4 Ne6 44. Kf3 Kg6 45. g3 Ned4+ 46. Ke4 g4
47. hxg4 h3 48. gxf5+ Kh7 49. Kxd4 h2 50. Nxd6 h1=Q 51. Bb4 Kg7 52. Ne4 Kf7
1/2-1/2

[Event "12ème Open International de NANTES"]
[Site "Nantes - France"]
[Date "2013.12.29"]
[Round "5.2"]
[White "Lagarde, Maxime"]
[Black "Stets, Dmitry"]
[Result "1/2-1/2"]
[WhiteElo "2511"]
[BlackElo "2410"]
[Annotator "Violeau,Jean-Luc"]
[PlyCount "42"]
[EventDate "2013.??.??"]

1. e4 c5 2. Nf3 d6 3. Bb5+ Nd7 4. c3 Ngf6 5. Qe2 a6 6. Ba4 e6 7. O-O Be7 8. Bc2
b5 9. a4 Bb7 10. Re1 Rb8 11. axb5 axb5 12. d4 Qc7 13. Nbd2 O-O 14. e5 Nd5 15.
Qd3 g6 16. exd6 Bxd6 17. Ne4 c4 18. Qe2 Bf4 19. g3 Bxc1 20. Raxc1 N5f6 21. Qd2
Kg7 {et nulle au coup 48.} 1/2-1/2

[Event "12ème Open International de NANTES"]
[Site "Nantes - France"]
[Date "2013.12.29"]
[Round "5.3"]
[White "Hutois, Mickael"]
[Black "Le Roux, Jean-Pierre"]
[Result "1/2-1/2"]
[WhiteElo "2141"]
[BlackElo "2568"]
[PlyCount "131"]
[EventDate "2013.??.??"]

1. e4 e5 2. Nf3 Nc6 3. Bc4 Nf6 4. d3 Bc5 5. O-O d6 6. c3 Bb6 7. Nbd2 O-O 8. Re1
Ne7 9. Nf1 Ng6 10. Ng3 c6 11. Bb3 h6 12. d4 Bg4 13. Qd3 Qd7 14. h3 Be6 15. dxe5
dxe5 16. Qxd7 Bxd7 17. Be3 Rfd8 18. Rad1 Kf8 19. Rd2 Bxe3 20. Rxe3 Be8 21. Nf5
Rxd2 22. Nxd2 Nd7 23. Nc4 Nc5 24. Bc2 Rd8 25. b4 Ne6 26. g3 Bd7 27. Ncd6 b6 28.
Rd3 Bc8 29. Nxc8 Rxc8 30. Bb3 Rd8 31. Rxd8+ Nxd8 32. Kf1 Nb7 33. Ke2 Ne7 34.
Ne3 Nd6 35. Kd3 f6 36. Be6 Ke8 37. c4 Kd8 38. c5 Nb5 39. Nc4 bxc5 40. bxc5 Kc7
41. Bf7 Kd7 42. f4 exf4 43. gxf4 Nc7 44. f5 Na6 45. Kd4 Nb4 46. Nd6 Nc2+ 47.
Kc3 Ne3 48. Ne8 Nd1+ 49. Kd4 Nf2 50. Nxg7 Nxh3 51. Be6+ Kd8 52. Nh5 Ng5 53. Bb3
Nh7 54. e5 Nxf5+ 55. Ke4 Nh4 56. exf6 Kd7 57. Ke5 Ng5 58. Bd1 Ng6+ 59. Kd4 Ne6+
60. Kc4 Ne5+ 61. Kb4 Nd3+ 62. Kc3 Ndxc5 63. Bg4 Kd6 64. Ng7 Ne4+ 65. Kc4 N6c5
66. Nf5+ 1/2-1/2

[Event "12ème Open International de NANTES"]
[Site "Nantes - France"]
[Date "2013.12.29"]
[Round "5.4"]
[White "Lalic, Bogdan"]
[Black "Otmani, Kamel"]
[Result "1-0"]
[WhiteElo "2492"]
[BlackElo "2105"]
[PlyCount "81"]
[EventDate "2013.??.??"]

1. d4 Nf6 2. c4 e6 3. Nc3 d5 4. cxd5 exd5 5. Bg5 Be7 6. e3 c6 7. Bd3 Ne4 8.
Bxe7 Nxc3 9. bxc3 Qxe7 10. Qc2 h6 11. Nf3 O-O 12. O-O Be6 13. Rab1 Qc7 14. Qb2
b6 15. Ne5 Nd7 16. f4 Nxe5 17. fxe5 Qe7 18. e4 f6 19. exd5 cxd5 20. exf6 Rxf6
21. Rxf6 Qxf6 22. Rf1 Qg5 23. Qf2 Re8 24. h3 Qe7 25. Re1 Qf6 26. Qg3 Bf7 27.
Rxe8+ Bxe8 28. Qb8 Qe6 29. Bb5 Kf8 30. Kh2 Qe7 31. Bxe8 Qxe8 32. Qd6+ Qe7 33.
Qxd5 Qc7+ 34. Qe5 Qxc3 35. Qb8+ Kf7 36. Qxa7+ Kg8 37. Qxb6 Qd2 38. Qe6+ Kh8 39.
Qe8+ Kh7 40. Qe4+ Kh8 41. a4 1-0

[Event "12ème Open International de NANTES"]
[Site "Nantes - France"]
[Date "2013.12.29"]
[Round "5.5"]
[White "Marchadour, Emilie"]
[Black "Koziak, Vitali"]
[Result "0-1"]
[WhiteElo "2043"]
[BlackElo "2486"]
[PlyCount "68"]
[EventDate "2013.??.??"]

1. e4 d6 2. d4 Nf6 3. Nc3 g6 4. Nf3 Bg7 5. Bf4 O-O 6. Qd2 Nc6 7. d5 e5 8. Bg5
Ne7 9. h3 Ne8 10. g4 f5 11. gxf5 gxf5 12. exf5 Bxf5 13. Nh4 Bf6 14. Bxf6 Nxf6
15. Qg5+ Bg6 16. Bd3 Kh8 17. Rg1 Qe8 18. Bxg6 Nxg6 19. Qh6 Rg8 20. O-O-O Qf7
21. Nf3 a6 22. Qe3 Nf4 23. Ng5 Qe7 24. h4 Raf8 25. Nge4 Rxg1 26. Rxg1 N4xd5 27.
Nxd5 Nxd5 28. Qh6 Qf7 29. Ng5 Qg8 30. Nh3 Qf7 31. Ng5 Qf5 32. Ne6 Rf7 33. Rg7
Nb4 34. Kd1 Qxc2+ 0-1

[Event "12ème Open International de NANTES"]
[Site "Nantes - France"]
[Date "2013.12.29"]
[Round "5.7"]
[White "Le Ruyet, Leopold"]
[Black "Julien, Jules-Alois"]
[Result "1/2-1/2"]
[WhiteElo "2259"]
[BlackElo "1975"]
[PlyCount "106"]
[EventDate "2013.??.??"]

1. e4 c5 2. Nf3 e6 3. g3 Nc6 4. Bg2 d6 5. O-O g6 6. d4 cxd4 7. Nxd4 Bg7 8. Nb5
Bf8 9. Bf4 e5 10. Be3 a6 11. N5c3 Be6 12. Nd5 Rc8 13. Nbc3 Bg7 14. f4 Nd4 15.
f5 Bxd5 16. Nxd5 Nf6 17. fxg6 fxg6 18. Bxd4 exd4 19. Bh3 Rc5 20. Be6 Rf8 21.
Qxd4 Nxd5 22. Qxg7 Nf6 23. Qxb7 Qc7 24. Qxc7 Rxc7 25. c3 Nxe4 26. Rae1 Rxf1+
27. Kxf1 Nc5 28. Bd5+ Kd7 29. Re2 Na4 30. Bf7 Nc5 31. Bc4 Kc6 32. Rd2 a5 33. b4
Na4 34. bxa5 Kc5 35. Be2 Nxc3 36. Bd3 Rf7+ 37. Kg2 d5 38. Bf1 d4 39. Rb2 Nd5
40. Be2 Nb4 41. a3 Nc6 42. a6 Ne5 43. Rb7 Rf8 44. Re7 Kd6 45. Rxe5 Kxe5 46. Bf3
Rf7 47. Bb7 d3 48. a7 d2 49. a8=Q d1=Q 50. Qb8+ Ke6 51. Bc8+ Ke7 52. Qc7+ Kf8
53. Qc5+ Kg7 1/2-1/2

[Event "12ème Open International de NANTES"]
[Site "Nantes - France"]
[Date "2013.12.29"]
[Round "5.9"]
[White "Crouan, Stephane"]
[Black "Noulet, Jeremy"]
[Result "1-0"]
[WhiteElo "2174"]
[BlackElo "1943"]
[Annotator "Violeau,Jean-Luc"]
[PlyCount "111"]
[EventDate "2013.??.??"]

1. e4 e5 2. f4 exf4 3. Be2 Nf6 4. e5 Nd5 5. c4 Qh4+ 6. Kf1 Bc5 7. Nh3 f3 8.
cxd5 fxe2+ 9. Qxe2 O-O 10. Ng1 {(=)} Bxg1 11. Kxg1 Qd4+ 12. Qe3 Qxe3+ 13. dxe3
Re8 14. Nc3 Rxe5 15. e4 d6 16. Bf4 Re7 17. Kf2 Nd7 18. Rhe1 Nc5 19. Rad1 Bg4
20. Rd4 Rae8 21. b4 Nd7 22. Rc4 Nb6 23. Rd4 h6 24. Rc1 g5 25. Bg3 a6 26. a4 Nd7
27. h3 Bh5 28. Rc4 Nf6 29. b5 axb5 30. axb5 b6 31. Rc6 Bg6 32. e5 Ne4+ 33. Nxe4
Bxe4 34. Rxc7 Rxc7 35. Rxc7 dxe5 36. d6 Rd8 37. Bxe5 Bd3 38. d7 Bf5 39. g4 Be6
{(=)} 40. Rc6 Rxd7 41. Rc8+ Kh7 42. Rh8+ Kg6 43. Rg8+ Kh7 44. Rg7+ Kh8 45.
Rxg5+ f6 46. Bxf6+ Kh7 47. Re5 Bc4 48. Kg3 Rd5 49. Re7+ Kg6 50. Ba1 h5 51. Rg7+
Kh6 52. Kh4 hxg4 53. hxg4 Rxb5 54. g5+ Rxg5 55. Rxg5 b5 56. Rf5 1-0

[Event "12ème Open International de NANTES"]
[Site "Nantes - France"]
[Date "2013.12.29"]
[Round "5.10"]
[White "Lambert, Thomas"]
[Black "Marie, Maxime"]
[Result "0-1"]
[WhiteElo "1686"]
[BlackElo "2168"]
[PlyCount "44"]
[EventDate "2013.??.??"]

1. e4 c5 2. Nf3 a6 3. d4 cxd4 4. Nxd4 e5 5. Nb3 Nf6 6. Nc3 Nc6 7. f3 Be7 8. Be3
O-O 9. Qd2 d6 10. O-O-O b5 11. g4 Be6 12. h4 Bxb3 13. axb3 Qa5 14. Nb1 Qa1 15.
h5 d5 16. Bd3 Rac8 17. Qe2 Bb4 18. c3 Nd4 19. Bxd4 exd4 20. Kc2 dxc3 21. Nxc3
Rxc3+ 22. bxc3 Qa2+ 0-1

[Event "12ème Open International de NANTES"]
[Site "Nantes - France"]
[Date "2013.12.29"]
[Round "5.12"]
[White "Le Goff, Ronan"]
[Black "Genereau, Thierry"]
[Result "1-0"]
[WhiteElo "2189"]
[BlackElo "1882"]
[PlyCount "63"]
[EventDate "2013.??.??"]

1. d4 d5 2. Nf3 Nf6 3. c4 dxc4 4. g3 c6 5. Bg2 g6 6. O-O Bg7 7. Nbd2 Be6 8. Qc2
Nbd7 9. Ng5 Bg4 10. Nxc4 h6 11. Nf3 O-O 12. Rd1 Bf5 13. Qd2 b5 14. Na5 Qb6 15.
b4 Ne4 16. Qe1 e5 17. Be3 Rac8 18. Rac1 Qa6 19. Nh4 exd4 20. Bxd4 Ne5 21. Bxe5
Bxe5 22. g4 Bf6 23. gxf5 Rfe8 24. Nf3 g5 25. h3 h5 26. Nh2 g4 27. Bxe4 Rxe4 28.
Rd6 Bd4 29. Rdxc6 Rxc6 30. Rxc6 Bb6 31. Qd2 f6 32. Qd5+ 1-0

[Event "12ème Open International de NANTES"]
[Site "Nantes - France"]
[Date "2013.12.30"]
[Round "6.1"]
[White "Jaulin, Philippe"]
[Black "Kunin, Vitaly"]
[Result "0-1"]
[WhiteElo "2181"]
[BlackElo "2552"]
[PlyCount "36"]
[EventDate "2013.??.??"]

1. d4 Nf6 2. c4 e6 3. Nf3 b6 4. g3 Ba6 5. Nbd2 Bb7 6. Bg2 c5 7. O-O Be7 8. e4
d5 9. cxd5 exd5 10. e5 Nfd7 11. e6 fxe6 12. Re1 O-O 13. Bh3 Kh8 14. Bxe6 Nc6
15. b3 cxd4 16. Bb2 Bf6 17. Bxd5 Nc5 18. Bc4 d3 0-1

[Event "12ème Open International de NANTES"]
[Site "Nantes - France"]
[Date "2013.12.30"]
[Round "6.3"]
[White "Marie, Maxime"]
[Black "Lalic, Bogdan"]
[Result "0-1"]
[WhiteElo "2168"]
[BlackElo "2492"]
[PlyCount "54"]
[EventDate "2013.??.??"]

1. e4 e5 2. Nf3 Nc6 3. Bc4 Nf6 4. Ng5 d5 5. exd5 Na5 6. Bb5+ c6 7. dxc6 bxc6 8.
Ba4 h6 9. Nf3 e4 10. Qe2 Be7 11. Ne5 Qc7 12. d4 exd3 13. Nxd3 O-O 14. Bf4 Bd6
15. Bxd6 Qxd6 16. O-O Re8 17. Qf3 Bg4 18. Qg3 Qd4 19. Bb3 Be2 20. Rc1 Nxb3 21.
axb3 Nh5 22. Qc7 Bxd3 23. cxd3 Nf4 24. Nc3 Nxd3 25. Rc2 Nxb2 26. h3 Nd3 27.
Qxc6 Nb4 0-1